<?xml version="1.0" encoding="UTF-8"?>
<marc:record xmlns:marc="http://www.loc.gov/MARC21/slim">
   <marc:leader>00000nam a2200000 a 4500</marc:leader>
   <marc:datafield ind1="1" ind2=" " tag="100">
      <marc:subfield code="a">Taylor, Marsali</marc:subfield>
      <marc:subfield code="4">aut</marc:subfield>
      <marc:subfield code="e">Verfasser/-in</marc:subfield>
   </marc:datafield>
   <marc:datafield ind1="0" ind2="0" tag="245">
      <marc:subfield code="a">Eine Handvoll Asche</marc:subfield>
   </marc:datafield>
   <marc:datafield ind1="0" ind2="0" tag="245">
      <marc:subfield code="b">ein Shetland-Krimi</marc:subfield>
   </marc:datafield>
   <marc:datafield ind1="0" ind2="0" tag="245">
      <marc:subfield code="c">Marsali Taylor ; aus dem Englischen von Ulrike Seeberger</marc:subfield>
   </marc:datafield>
   <marc:datafield ind1=" " ind2="1" tag="264">
      <marc:subfield code="a">Berlin</marc:subfield>
      <marc:subfield code="b">Aufbau Taschenbuch</marc:subfield>
      <marc:subfield code="c">2018</marc:subfield>
   </marc:datafield>
   <marc:datafield ind1=" " ind2=" " tag="250">
      <marc:subfield code="a">1. Auflage, deutsche Erstausgabe</marc:subfield>
   </marc:datafield>
   <marc:datafield ind1="1" ind2=" " tag="520">
      <marc:subfield code="a">Angaben aus der Verlagsmeldung

Eine Hand voll Asche : Ein Shetland-Krimi A Handful of Ash Taylor, Eine Hand voll Asche TB / von Marsali Taylor

Mord auf den Shetland-Inseln

Cass Lynch, leidenschaftliche Seglerin, hat beschlossen, auf dem Marine College in Scalloway das Offizierspatent zu erwerben. Es ist kurz vor Halloween, und die Teenager im Ort scheinen den Hexenkult etwas zu ernst zu nehmen. Es gibt einen Hexenzirkel, geführt vom Teufel persönlich. Cass hält das alles für nichts weiter als Aberglaube, bis sie die Tochter von Bekannten tot auffindet. War es Mord? Cass macht sich auf die Suche nach den realen Hintergründen des Hexenwahns.

»Ein atmosphärisch dichter Roman.« Westfälische Nachrichten
</marc:subfield>
   </marc:datafield>
   <marc:datafield ind1=" " ind2=" " tag="020">
      <marc:subfield code="a">9783746633343</marc:subfield>
      <marc:subfield code="9">9783746633343</marc:subfield>
   </marc:datafield>
   <marc:datafield ind1=" " ind2=" " tag="020">
      <marc:subfield code="a">3746633346</marc:subfield>
      <marc:subfield code="9">3746633346</marc:subfield>
   </marc:datafield>
   <marc:datafield ind1=" " ind2=" " tag="041">
      <marc:subfield code="a">ger</marc:subfield>
   </marc:datafield>
   <marc:datafield ind1=" " ind2=" " tag="300">
      <marc:subfield code="a">380 Seiten</marc:subfield>
   </marc:datafield>
</marc:record>
